|
|
|
|
| LEADER |
02486nam a22003858i 4500 |
| 001 |
34325 |
| 003 |
BD-DhAAL |
| 005 |
20211110164759.0 |
| 008 |
190321t2019 flu b 000 0 eng c |
| 999 |
|
|
|c 40452
|d 40452
|
| 010 |
|
|
|a 2018011415
|
| 020 |
|
|
|a 9781498764780 (hardback : alk. paper)
|
| 040 |
|
|
|a LBSOR/DLC
|b eng
|e rda
|c LBSOR
|d BD-DhAAL
|
| 042 |
|
|
|a pcc
|
| 050 |
0 |
0 |
|a HD4904.7
|b .H845 2018
|
| 082 |
0 |
0 |
|a 658.30028557
|2 23
|
| 100 |
1 |
|
|a Hughes, Robert Clayton,
|e author.
|9 30331
|
| 245 |
1 |
0 |
|a Human capital systems, analytics, and data mining /
|c Robert C. Hughes.
|
| 260 |
|
|
|a Boca Raton :
|b CRC Press, Taylor & Francis Group,
|c c2019
|
| 300 |
|
|
|a xxi, 272 pages :
|b illustrations ;
|c 26 cm.
|
| 490 |
0 |
|
|a Chapman & Hall/CRC data mining & knowledge discovery series ;
|v 46
|
| 504 |
|
|
|a Includes bibliographical references and index.
|
| 505 |
0 |
|
|a Human capital management systems -- Human capital management system components -- Database systems, concepts and design -- Dimensional modeling -- Reporting and analytics with multidimensional and relational databases -- Online analytical processing and the OLAP cube multidimensional database -- Multidimensional OLAP database project with SQL server analytical services -- Multidimensional cube analysis with Microsoft Excel and SQL server analysis services -- Data mining -- Project management.
|
| 520 |
|
|
|a "This book fills a void in the systems and big data space with regard to human capital systems, data architecture, analytics, and systems. It is designed both as a text for graduate level courses in human resource systems, human capital analytics, and data mining as well as a resource for human capital analytical professionals in the course of ongoing contemporary research in all functional areas of human capital, including compensation, benefits, talent acquisition, and performance"--
|
| 526 |
|
|
|a CSE
|
| 541 |
|
|
|a Parama
|e 34325
|
| 650 |
|
0 |
|a Human capital
|x Management
|x Data processing.
|9 30332
|
| 650 |
|
0 |
|a Personnel management
|x Data processing.
|9 30333
|
| 650 |
|
0 |
|a Personnel management
|x Statistical methods.
|9 30334
|
| 650 |
|
0 |
|a Database management.
|9 30335
|
| 650 |
|
0 |
|a Data mining.
|9 30336
|
| 650 |
|
0 |
|a Computer science.
|9 42493
|
| 852 |
|
|
|a Ayesha Abed Library
|c General Stacks
|
| 942 |
|
|
|2 ddc
|c BK
|
| 952 |
|
|
|0 0
|1 0
|2 ddc
|4 0
|6 658_300285570000000_HUG
|7 0
|9 65084
|a BRACUL
|b BRACUL
|c GEN
|d 2019-02-26
|e Parama
|g 4969.29
|l 1
|m 12
|o 658.30028557 HUG
|p 3010034325
|r 2019-11-25
|s 2019-09-18
|t 1
|v 4969.29
|w 2019-02-26
|y BK
|